02253nam a2200325 a 450000100060000000300080000600500170001400800410003102000150007203500190008704000410010604100080014704100080015508200310016310000590019424502660025326001100051930000660062950400600069565001050075565000500086070001010091094200120101199900170102395201760104095201740121695201890139095201740157995201740175338894BD-RjUL20211209052859.0160320s2005 bg a||| b||| 00| 0 ben d a9840610309 a(BD-RjUL)39004 a(BD-RjUL)bbenc(BD-RjUL)d(BD-RjUL) aben aeng 223bRAR 2005a362.87095492 4রহমান, মোঃ মাহফুজুর aরোহিঙ্গা সমস্যা : bবাংলাদেশের দৃষ্টিভঙ্গী /cমোঃ মাহফুজুর রহমান ; সম্পাদক : মোহাম্মদ আইয়ুব মিয়া aঢাকা :bইসলামিক ফাউন্ডেশন বাংলাদেশ,c২০০৫ a২২৫পৃ. :bচিত্র. ;c২৩ সে.মি. aগ্রন্থপঞ্জি সংযুক্ত aরোহিঙ্গা (বার্মিজ জনগন )zবাংলাদেশ 9119983 aRohingya (Burmese people)zBangladesh9119984 aমিয়া, মোহাম্মদ আইয়ুব সম্পাদিত9251021 2ddccBK c38894d38894 00102ddc40718NFICaRUCLbRUCLcReadingd2015-10-19eRajshahi: Dr. Mahfujur Rahman akhandag290.00l0oB 362.87095492 RAR 2005r2016-03-20 00:00:00tC-1w2021-12-09yBK 00102ddc40708NFICaRUCLbRUCLcStackd2015-04-04eRajshahi: Dr. Mahfujur Rahman akhandag290.00l0oB 362.87095492 RAR 2005r2016-03-20 00:00:00tC-2w2021-12-09yBK 00102ddc40708NFICaRUCLbRUCLcStackd2015-04-04eRajshahi: Dr. Mahfujur Rahman akhandag290.00l2m2oB 362.87095492 RAR 2005r2019-08-04 00:00:00s2019-07-09tC-3w2021-12-09yBK 00102ddc40708NFICaRUCLbRUCLcStackd2015-04-04eRajshahi: Dr. Mahfujur Rahman akhandag290.00l0oB 362.87095492 RAR 2005r2016-03-20 00:00:00tC-4w2021-12-09yBK 00102ddc40708NFICaRUCLbRUCLcStackd2015-04-04eRajshahi: Dr. Mahfujur Rahman akhandag290.00l0oB 362.87095492 RAR 2005r2016-03-20 00:00:00tC-5w2021-12-09yBK